000 00377nam a2200145Ia 4500
008 231129s1997||||xx |||||||||||||| ||spa||
020 _a958-648-137-9
040 _bspa
082 _aCo863.44 I68a
100 _aIriarte Rogelio
245 0 _aAsesinos sociedad ilimitada
260 _c1997
264 _aEcoe Ediciones
942 _2ddc
_cBKS
999 _c5678
_d5678